000 00581nam a22002177a 4500
003 UA-OsUOA
001 97615
007 ta
008 20130403b un ||||| |||| 00| 0 ukr d
100 _aМюнних Ф.
090 _a821.511.141
_bМ98
942 _cBK
040 _aUA-OsUOA
_cUA-OsUOA
_dUA-OsUOA
245 _aБурный путь
_bвоспоминания
300 _a192 с.
955 _a3
080 _a821.511.141
260 _aМ.
_bВоениздат
_c1968
650 7 _a82 Література. Літературознавство
_2UDC
999 _c383864
_d383864